| 000 | 00396nam a2200169Ia 4500 | ||
|---|---|---|---|
| 008 | 230524s9999 xx 000 0 und d | ||
| 020 | _a8188429147 | ||
| 082 |
_a620.40251 _bRAN |
||
| 100 | _aK.K.Ramalingam | ||
| 245 | 0 | _aSteam Tables | |
| 250 | _a3RD | ||
| 260 |
_aCHENNAI _bScitech _c2005 |
||
| 300 | _aIV;III | ||
| 500 | _aQuantity Number: 320 | ||
| 650 | _aThermodynamics | ||
| 942 | _cBK | ||
| 999 |
_c34677 _d34677 |
||